000 01191nam a22002537a 4500
005 20081111104613.0
008 081111t xxu||||| |||| 00| 0 hin d
010 _aHIN-84800
020 _a9788184551075
_c600.00
035 _aHN-57146
037 _bDBAD / PUB
040 _aDPL
_bHN
082 _a341.23
100 _aहरि सिंह
245 _aअंतर्राष्ट्रीय संगठन /
_cहरि सिंह
246 _aAntarrashatriya sangthan
_bby Hari Singh
260 _aनई दिल्ली
_bओमेगा पब्लिकेशन्स
_c2008
270 _a4398/5, अंसारी रोड, दरियागंज
_bनई दिल्ली
_e110002
_k65901906
_momega_publications@yahoo.com
300 _a295पृ
_c22सेमी (सजिल्द)
610 _aसंयुक्त राष्ट्र संघ
610 _aUnited Nations
942 _2ddc
_cHN
_mहरिसिं
_h341.23
999 _c18265
_d18265